The complete guide to advertising
| Main Author: | |
|---|---|
| Format: | Book |
| Published: |
London :
Macmillan ,
c1984
|
| Subjects: |
MARC
| LEADER | 00000cam a2200000 7i4500 | ||
|---|---|---|---|
| 001 | 0000002487 | ||
| 005 | 20030224093000.0 | ||
| 008 | 021118s1984 | ||
| 020 | |a 033386396 | ||
| 090 | 0 | 0 | |a HF5828 |b .D6 |
| 100 | 0 | |a Douglas, Torin , |e author | |
| 245 | 1 | 4 | |a The complete guide to advertising |c Torin Douglas |f consultant editor, Barry Day |
| 260 | 2 | |a London : |b Macmillan , |c c1984 | |
| 300 | |a 223 p. ; |c 30 cm. | ||
| 501 | |a Includes index | ||
| 650 | 0 | |a Advertising | |
| 999 | |a 1000024182 |b Book |c OPEN SHELF (30 DAYS) |e Gong Badak Campus | ||